000 00717nam a22001817a 4500
999 _c196098
_d196098
005 20230712113615.0
010 _aB-754532-549 CHEN 25.5.23
020 _a9788131958711
_c550.00
035 _aB-754532-549
037 _bB.Jain Publishers (P) Ltd.
082 _a525
245 _aChildren's Encyclopedia:
_bEarth /
260 _aNoida, U.P.
_bB.Jain Publishers (P) Ltd.
_c202?
270 _aD-157, Sector 63, Noida
_bU.P.
_e201307
300 _a120p.
_c28cm(Hb)
_bcol.ill
942 _2ddc
_cCH
_mCHI
_h525